000 00550nam a22001937a 4500
005 20240904093903.0
008 240903b |||||||| |||| 00| 0 eng d
020 _a0-321-04344-8
082 _a337
_bKRU-I
100 _aKrugman, Paul.R
245 _aInternational Economics;
_bTheory and Policy/
_cPaul R. Krugman
250 _a4th ed.
260 _aSingapore;
_bAddison Wesely Longman Inc.;
_c1997
300 _axxviii,766 p.;
_bill.;
_c23 cm.
500 _aIncludes index.
650 _aEconomics
700 _aMaurice Obstfeld
999 _c36517
_d36517